| 000 | 00442nam a22001457a 4500 | ||
|---|---|---|---|
| 082 |
_a624.183 _bVAR _cL-9, P-11 |
||
| 100 |
_aVartak, G.V _943130 |
||
| 245 |
_aIllustrative examples in R.C.C design / _cG.V Vartak |
||
| 260 |
_aIndia : _bIllustrative Design in R.C.C Design, _c1948. |
||
| 300 | _a168 p. : | ||
| 526 |
_a0 _b0 _c0 _d624_183000000000000_VAR |
||
| 526 |
_a0 _b0 _c0 _d624_183410000000000_VAR |
||
| 650 |
_aMCE _9379 |
||
| 942 |
_2ddc _cBK |
||
| 999 |
_c546931 _d546931 |
||